000 02322nam a2200421 c 4500
003 BLK
005 20241211143754.0
008 180408b bul|||||r ||||||| ||bul||
010 _aKNG00094109000
020 _a978-954-527-425-1
_bиздат.: Дамян Яков
040 _aBLK
041 _aBUL
_cBUL
080 _aМетоди на управление. Мениджмънт. Анализи, планиране, ръководство, сътрудничество, контрол, коопериране и др.
_b005.5
_x(035)
_z005.5(035)
080 _aИкономическа психология. Икономическо поведение. Физиологични и психологични елементи. Интереси. Икономически дух
_b330.16
_x(035)
_z330.16(035)
080 _aПазар. Анализ на пазара. Търсене. Предлагане. Конкуренция. Маркетингова логистика
_b339.13
_x(035)
_z339.13(035)
100 1 _aТейлър, Дейвид
_eпърви автор
_9303607
700 1 _aИванова, Снежинка
_eпрев.
_9368491
139 _aТейлър, Дейвид
_bТ 45
245 1 0 _aБранд визия
_bКак да стимулирате екипа си да предизвика растеж на бизнеса
_cДейвид Тейлър; прев. Снежинка Иванова.
257 _aGBR
260 София
_bДамян Яков
_c2008
_fВ. Търново : Абагар
300 _a320 с.
_bс ил., сх., диагр.
_c24 см
380 _a62
500 _aОриг. загл. Brand Vision / David Taylor. - Предм. показалец.
650 4 _aУправленски труд - наръчници и ръководства
_9243936
650 4 _aИкономическо поведение
_9245306
650 4 _aТърсене и предлагане
_9259981
650 4 _aПотребление
_9167261
653 _aуправленски труд
653 _aикономическо поведение
653 _aпотребление
852 _aЦб 247001
856 4 _qpdf
_u
856 4 _qpdf
_u
942 _cKNG
_n0
_01
944 _aCR
_c05.02.2010
_k30546
_lРенета Константинова
944 _aED
_c30.01.2012
_k
999 _c89409
_d89409